LEADER 01326nam a2200325 a 4500 001 000000134163 003 CaOOAMICUS 005 20130530114858.0 008 130530s2012 it u000 u ita r 020 $a978-88-17-05919-0 040 $aPUL$bita 082 04$a230 100 1 $aGiussani, Luigi,$csac.,$d1922-2005.$0(OLS)http://pul/name/64020 245 10$aGenerare tracce nella storia del mondo /$cLuigi Giussani, Stefano Alberto, Javier Prades. 260 $aMilano :$bBUR,$c2012. 300 $a233 p. ;$c20 cm. 490 1 $aBur$aSaggi 504 $aInclude riferimenti bibliografici ed indice. 650 4$aTeologia$xStudi.$0(OLS)http://pul/subject/36481 700 1 $aAlberto, Stefano,$csac.$0(OLS)http://pul/name/77845 700 1 $aPrades López, Javier.$0(OLS)http://pul/name/81370 830 0$aBur$pSaggi.$0(OLS)http://pul/title/148188 850 $aPUL 852 $aPUL$W1$xSL Religione 3$y85$m230 GIULU 1$j154243$qDDC 21$B153797$CPULBib$Z2$F153797 $H122403 $82 941 1 $a9 996 $6020$a978-88-17-05919-0$9(OLS)http://pul/number/152891 996 $6082$a230$9(OLS)http://pul/classification/368 996 $6245$aGenerare tracce nella storia del mondo$9(OLS)http://pul/title/169611 996 $6260$aMilano :$bBUR$9(OLS)http://pul/publisher/70068 LEADER 02847nam a2200361 a 4500 001 000000140012 003 CaOOAMICUS 005 20141007113811.0 008 141007s2013 it a u000 u ita r 020 $a978-88-97789-34-5 040 $aPUL$bita 041 0 $aita$afre$aeng$hfre$heng 111 2 $aInternational Liturgy Congess$c(Rome :$d2011).$0(OLS)http://pul/name/90272 245 14$aThe Anaphoral Genesis of the Institution Narrative in Light of the Anaphora of Addai and Mari :$bActs of the International Liturgy Congress, Rome 25-26 October 2011 = La Genesi Anaforica del racconto istituzionale alla luce dell'anafora di Addai e Mari : atti del Congresso Internazionale di Liturgia Roma 25-26 ottobre 2011 = La genèse anaphorique du récit de l'institution à la lumiere de l'anaphore d'Addai et Mari : actes du Congrès International de Liturgie Rome 25-26 octobre 2011 /$cCesare Giraudo (ed.) 246 31$aLa Genesi Anaforica del racconto istituzionale alla luce dell'anafora di Addai e Mari 246 31$aLa genèse anaphorique du récit de l'institution à la lumiere de l'anaphore d'Addai et Mari 260 $aRoma :$bEdizioni Orientalia christiana ;$aRoma :$bPontificio Istituto Orientale,$c©2013. 300 $a543 p. :$bill. ;$c25 cm 490 1 $aOrientalia Christiana Analecta ;$v295 546 $aTesto in italiano, francese e inglese. 650 4$aLiturgia$xCongressi.$0(OLS)http://pul/subject/6493 700 1 $aGiraudo, Cesare,$cS.I.,$d1941-$0(OLS)http://pul/name/12327 830 0$aOrientalia Christiana Analecta ;$v295.$0(OLS)http://pul/title/331 850 $aPUL 852 $aPUL$W1$xSL Religione 1$y3$m25 G 295$j161734$qStampati$B161183$CPULBib$Z2$F161183 $H124760 $82 941 1 $a8 996 $6020$a978-88-97789-34-5 $9(OLS)http://pul/number/156096 996 $6246$aLa genèse anaphorique du récit de l'institution à la lumiere de l'anaphore d'Addai et Mari$9(OLS)http://pul/title/177244 996 $6245$aThe Anaphoral Genesis of the Institution Narrative in Light of the Anaphora of Addai and Mari :$bActs of the International Liturgy Congress, Rome 25-26 October 2011 = La Genesi Anaforica del racconto istituzionale alla luce dell'anafora di Addai e Mari : atti del Congresso Internazionale di Liturgia Roma 25-26 ottobre 2011 = La genèse anaphorique du récit de l'institution à la lumiere de l'anaphore d'Addai et Mari : actes du Congrès International de Liturgie Rome 25-26 octobre 2011$9(OLS)http://pul/title/177241 996 $6246$aLa Genesi Anaforica del racconto istituzionale alla luce dell'anafora di Addai e Mari$9(OLS)http://pul/title/177243 996 $6260$aRoma :$bEdizioni Orientalia christiana$9(OLS)http://pul/publisher/54863 996 $6260$aRoma :$bPontificio Istituto Orientale$9(OLS)http://pul/publisher/50733